000 00652nam a22001937a 4500
005 20251108165509.0
008 250721s1994 xx 000 0 ara d
082 1 4 _aم/216.5/محم
100 1 _aالبكري، محمد عزمي
245 1 0 _aموسوعة الفقه و القضاء في الأحوال الشخصية :
_bالخطبه - الزواج- حقوق الزوجين /
250 _aط3
264 1 _aالقاهره :
_bدار محمود للنشر و التوزيع،
_c1994.
300 _a872ص
650 1 7 _aالإسلام
650 1 7 _aالفقه الإسلامي
650 1 7 _aالزواج
942 _2ddc
_cREF
999 _c29302
_d29302